00829nam a2200241 a 450000500170000000800410001702000150005804000270007304100080010004400070010808200190011524501930013426000570032730000300038465000090041465000250042365000280044865000140047665000340049065000110052466200220053570000300055720200104041511.0140220s1997 ec fr|||| 00| 0 spa d a997895127X aCO-BoIAVH cCO-BoIAVH 0 aspa aec04a551.0218bS68l00aLegislación ambiental suramericana aplicable a los humedales :banálisis comparativo e inventario normativo /cSociedad Peruana de Derecho Ambiental, Unión Mundial para la naturaleza aQuito :bUnión Mundial para la naturaleza ;c1997. a204 paginas :c24 x 17 cm14aAgua24aPolítica ambiental24aLegislación ambiental24aHumedales24aRecursos naturales renovables24aSuelos cAmérica del Sur1 aSolano, PedroeCompilador